000 00939nam a2200217 a 4500
005 20151215050437.0
008 140319b2005 ck ||||| |||| 00| 0 spa d
040 _aCO-BoIAVH
_cCO-BoIAVH
041 _aspa
044 _ack
082 0 4 _a577.687
_bD44d
090 _aLB
_b04629
110 2 _bCorporación Autónoma Regional para la Defensa de la Meseta de Bucaramanga
245 1 0 _aDesarrollo de estrategias de conservación, restauración y manejo sostenible de los páramos, subpáramos y selvas altoandinas del nororiente colombiano
260 _aBucaramanga
_bCDMB
_bCORPOCHIVOR
_bMinambiente
_bCORPOBOYACA
_bCORPONOR
_bCAS
_c2005
300 _a108 páginas :
_btablas, ilustraciones (algunas a color) ;
_c28 x 21 cm.
650 6 _aConservación de páramos
_zColombia
650 6 _aConservación de páramos
_xEstrategias
_zColombia
650 6 _aSelva altoandina
_xConservación
_zColombia
942 _cLIBRO
_2ddc
999 _c5289
_d5289